| 000 | 00596nam a2200205 a 4500 | ||
|---|---|---|---|
| 005 | 20240821063745.0 | ||
| 008 | 991125s1936 mx 000 0 spa u | ||
| 035 | _aUPN01000038516 | ||
| 049 | _aLT | ||
| 050 | 4 |
_aLB1631 M6.3 _bH3.4 1936 |
|
| 100 | 1 |
_aHamilton, J. _928890 |
|
| 245 | 1 | 0 |
_aMétodo de inglés : _btercer libro / _cpor J. Hamilton |
| 260 |
_aMéxico : _bProgreso, _c1936 |
||
| 300 | _a110 p. | ||
| 500 | _a"Clave de los ejercicios" | ||
| 650 | 4 |
_aInglés _xComposición y ejercicios _99166 |
|
| 650 | 4 |
_aInglés _xEstudio y enseñanza _918 |
|
| 904 |
_aAC _b038518 |
||
| 905 | _aLibro | ||
| 999 |
_c38516 _d38516 |
||